| 000 | 01199nam a2200277 a 4500 | ||
|---|---|---|---|
| 005 | 20191217041929.0 | ||
| 008 | 060516s2005 sz a b i000 0 eng c | ||
| 020 | _a9280725327 | ||
| 040 |
_aInIU-L _cILI _dCO-BoIAVH |
||
| 041 | 0 | _aspa | |
| 044 | _ack | ||
| 082 | 0 | 4 |
_a333.72068 _bS96u |
| 245 | 0 | 0 |
_aSustainable use of natural resources in the context of trade liberalization and export growth in Indonesia : _ba study on the use of economic instruments in the pulp and paper industry. |
| 250 | _aPrimera edición | ||
| 260 |
_aGeneva (Suiza) : _bUnited Nations Environment Programme, _c2005. |
||
| 300 |
_axiii, 54 páginas : _bilustraciones ; _c30 x 21 cm. |
||
| 500 | _a"DTI/0618/PA"--P. [4] of cover. | ||
| 504 | _aIncludes bibliographical references (p. 43-45). | ||
| 650 | 2 | 6 |
_aIndustria maderera _zIndonesia |
| 650 | 2 | 6 |
_aIndustria de la pasta y el papel _zIndonesia |
| 650 | 2 | 6 |
_aIndustria maderera _xAspectos ambientales _zIndonesia |
| 650 | 2 | 6 |
_aIndustria de la pasta y el papel _xAspectos ambientales _zIndonesia |
| 650 | 2 | 6 |
_aLiberalización del intercambio _zIndonesia |
| 710 | 2 | _aUnited Nations Environment Programme | |
| 942 |
_2ddc _cLIBRO |
||
| 999 |
_c5453 _d5453 |
||